000 00631nam a22002177a 4500
001 2717
003 BD-DhBUF
005 20251117134005.0
008 251104b bg ||||| |||| 00| 0 ben d
020 _a9789843532848
040 _aBD-DhBUF
_cBD-DhBUF
100 _aRajon, Asadul Islam
_94106
245 _aEnglish fantasy :
_bbasic থেকে spoken, writing and Ielts english solution program /
_cAsadul Islam Rajon,
260 _aDhaka :
_bBadhon,
_c2023.
300 _a368p. :
_c22cm. ;
526 _aEnglish language
650 _aSpoken
_94107
650 _aWriting
_94107
650 _aPhonetics
_91708
942 _2ddc
_cBK
999 _c2717
_d2717